Introduction to polymers / (Record no. 20481)

MARC details
000 -LEADER
fixed length control field 01107cam a22003255i 4500
001 - CONTROL NUMBER
control field 17057256
003 - CONTROL NUMBER IDENTIFIER
control field EG-ScBUE
005 - DATE AND TIME OF LATEST TRANSACTION
control field 20251221111207.0
008 - FIXED-LENGTH DATA ELEMENTS--GENERAL INFORMATION
fixed length control field 111125t2011 flua f b 001 0 eng d
020 ## - INTERNATIONAL STANDARD BOOK NUMBER
International Standard Book Number 9780849339295
040 ## - CATALOGING SOURCE
Original cataloging agency EG-ScBUE
Language of cataloging eng
Description conventions rda
Transcribing agency EG-ScBUE
Modifying agency EG-ScBUE
082 04 - DEWEY DECIMAL CLASSIFICATION NUMBER
Classification number 547.7
Item number YOU
Edition number 22
100 1# - MAIN ENTRY--PERSONAL NAME
Personal name Young, R. J.,
9 (RLIN) 38440
Dates associated with a name 1948-
Relator term author.
245 10 - TITLE STATEMENT
Title Introduction to polymers /
Statement of responsibility, etc Robert J. Young and Peter A. Lovell.
250 ## - EDITION STATEMENT
Edition statement Third edition.
264 #1 - PUBLICATION, DISTRIBUTION, ETC. (IMPRINT)
Place of publication, distribution, etc Boca Raton, Florida :
Name of publisher, distributor, etc CRC Press / Taylor & Francis Group,
Date of publication, distribution, etc [2011]
264 #4 - PUBLICATION, DISTRIBUTION, ETC. (IMPRINT)
Date of publication, distribution, etc c2011
300 ## - PHYSICAL DESCRIPTION
Extent xx, 668 pages :
Other physical details illustrations ;
Dimensions 26 cm
336 ## - CONTENT TYPE
Source rdacontent
Content type term text
Content type code txt
337 ## - MEDIA TYPE
Source rdamedia
Media type term unmediated
Media type code n
338 ## - CARRIER TYPE
Source rdacarrier
Carrier type term volume
Carrier type code nc
504 ## - BIBLIOGRAPHY, ETC. NOTE
Bibliography, etc Includes bibliographical references and index.<br/>
650 #7 - SUBJECT ADDED ENTRY--TOPICAL TERM
Topical term or geographic name as entry element Polymers.
Source of heading or term BUEsh
9 (RLIN) 5875
650 #7 - SUBJECT ADDED ENTRY--TOPICAL TERM
Topical term or geographic name as entry element Polymerization.
Source of heading or term BUEsh
9 (RLIN) 6762
653 ## - INDEX TERM--UNCONTROLLED
Resource For college Engineering, General
-- Engineering, Chemical
Arrived date list August2015
-- September2015
-- January2016
653 ## - INDEX TERM--UNCONTROLLED
Resource For college Engineering, Chemical
Arrived date list October2016
655 ## - INDEX TERM--GENRE/FORM
Form subdivision Reading book
700 1# - ADDED ENTRY--PERSONAL NAME
Personal name Lovell, P. A.
Fuller form of name (Peter A.)
9 (RLIN) 41627
Relator term author.
942 ## - ADDED ENTRY ELEMENTS (KOHA)
Source of classification or shelving scheme Dewey Decimal Classification
Koha item type Book - Borrowing
Holdings
Withdrawn status Lost status Source of classification or shelving scheme Damaged status Not for loan Collection code Home library Current library Shelving location Date acquired Source of acquisition Cost, normal purchase price Serial Enumeration / chronology Total Checkouts Full call number Barcode Date last seen Cost, replacement price Koha item type Total Renewals Date checked out Price effective from
    Dewey Decimal Classification     Baccah Central Library Central Library First floor 09/08/2015 Purchase 387.00 21782   547.7 YOU 000030804 15/07/2025 484.00 Book - Borrowing      
    Dewey Decimal Classification     Baccah Central Library Central Library First floor 28/09/2015 Purchase     1 547.7 YOU 000030947 15/07/2025   Book - Borrowing 11 17/10/2016  
    Dewey Decimal Classification     Baccah Central Library Central Library First floor 28/09/2015 Purchase       547.7 YOU 000030948 15/07/2025   Book - Borrowing     28/09/2015
    Dewey Decimal Classification     Baccah Central Library Central Library First floor 28/09/2015 Purchase     1 547.7 YOU 000030949 15/07/2025   Book - Borrowing   02/11/2017  
    Dewey Decimal Classification     Baccah Central Library Central Library First floor 27/10/2016 Purchase 546.00 3636 1 547.7 YOU 000034477 15/07/2025 682.50 Book - Borrowing 12 15/10/2017 27/10/2016